=LDR 00000nam 2200000 4500 =001 INLIS000000000052906 =005 20180315070331 =035 ##$$a 0010-0318000133 =007 ta =008 180315###########################0###### =020 ##$$a 978-979-22-9868-0 =082 ##$$a 899.221 301 =084 ##$$a 899.221 301 KEB k =100 #$$a Kebersehajaan =245 1#$$a Kebersehajaan hidup di tepian Halmahera : $b Finalis esai kompetisi menulis tulis nusantara 2012 /$c Kebersehajaan =260 ##$$a Jakarta :$b Gramedia Pustaka Utama,$c 2013 =300 ##$$a 136 hlm : $b ilus ; $c 20 cm =650 ##$$a cerita pendek-kumpulan =700 #$$a Irna Permanasari =990 ##$$a 3620236202 =990 ##$$a 3620236202 =990 ##$$a 3620236202 =990 ##$$a 3620236202 =990 ##$$a 21710891 =990 ##$$a 01201805760 =990 ##$$a 01201805761 =990 ##$$a 01201805762 =990 ##$$a 21710892 =990 ##$$a 01201805760 =990 ##$$a 01201805761 =990 ##$$a 21710891 =990 ##$$a 21710893 =990 ##$$a 01201805760 =990 ##$$a 21710892 =990 ##$$a 21710891 =990 ##$$a 21710894 =990 ##$$a 21710893 =990 ##$$a 21710892 =990 ##$$a 21710891